Statistics for SAT Words HARD Click Quiz - S #13 - Daily Word Quiz!

Click here to take the quiz!

General Stats

  • This quiz has been taken 54 times
  • The average score is 11 of 16

Answer Stats

HintAnswer% Correct
A likeness or resemblence between two entities; counterpartSimilitude
91%
Isolate or separate from others for some particular purposeSequester
84%
Irritable, difficult, or aggressive in dispositionSnarly
82%
Large earthenware beer mugStein
82%
Gradually spread or diffuse through a space, often referring to fluid or emotionSuffuse
80%
The act of gaining influence through argument or entreatySuasion
75%
Replace or displace someone, especially by using cunning or strategySupplant
75%
Minuscule amount or minute trace of a substanceScintilla
73%
The act of plundering or looting, especially in a destructive mannerSpoliation
70%
Displaying immaturity, inexperience, or lack of sophistication in judgmentSophomoric
68%
Method of torture where a victim is suspended by their hands, which are bound behind their backStrappado
68%
Military specialist for explosives and fortificationsSapper
64%
Display pretentious or ostentatious behaviour; show offSwank
61%
Capable of being easily cut, shaped, or carvedSectile
57%
Energetic dance; or, abrupt movement or leapSaltation
43%
Characteristic of language where inflection conveys meaning rather than just word orderSynthetic
34%

Score Distribution

Percentile by Number Answered

Percent of People with Each Score

Your Score History

You have not taken this quiz